000 00845nam a22002777a 4500
003 CHAP
005 20220329141627.0
008 971013s1830 r 00010 d
010 _a71255
011 _a72227
035 _a81781
040 _cCHAP
082 _a530
_bB3
100 0 0 _aBailly.
_99460
245 _aManual de física o compendio de los elementos de esta ciencia, conforme a los conocimientos del día
260 _aMadrid :
_bEn la Imprenta Real,
_c1830
300 _a451 p.
_b: ilus.
590 _aBATCH-UPD
_b10
_c20130110
_lUCH01
_h0635
590 _aBATCH-UPD
_b10
_c20130410
_lUCH01
_h0319
590 _aBATCH-UPD
_b10
_c20130914
_lUCH01
_h0522
590 _aCONVERSION
_b10
_c20130109
_lUCH01
_h1339
650 1 4 _aFísica.
_941975
901 _aBK
942 _cLIBRO
949 _a530 B3
_bBC
_cBPP
_d-35402
_eBPP
_h7564
_i81781
_si
999 _c71255
_d71255